[Event "4. ODEM U25 2007"]
[Site "Willingen GER"]
[Date "2007.05.27"]
[Round "1"]
[White "Natsidis, Christoph"]
[Black "Koksch, Florian"]
[Result "1-0"]
[Termination "normal"]
[Board "1"]
[WhiteElo "2196"]
[BlackElo "1870"]
[PlyCount "63"]
[WhiteFideId "24601179"]
[BlackFideId "24613584"]
[EventCountry "GER"]
[EventRounds "9"]
[EventType "swiss"]
[EventDate "2007.05.26"]

1. Nf3 d5 2. d4 e6 3. c4 Nf6 4. Nc3 c5 5. Bg5 Be7 6. e3 Nc6 7. dxc5 O-O 8. Be2
Bxc5 9. cxd5 exd5 10. O-O d4 11. Nb5 Bd6 12. exd4 Bg4 13. Nc3 Bxf3 14. Bxf3
Nxd4 15. Bxb7 Rb8 16. Bd5 Be5 17. Re1 Qd6 18. Bxf6 Qxf6 19. Rb1 Rb6 20. Qh5 Bc7
21. Be4 Qh6 22. Qxh6 Rxh6 23. h3 Rd8 24. Nd5 Bb8 25. Rbd1 Nc6 26. Ne7+ Kf8 27.
Nxc6 Rxd1 28. Rxd1 Bc7 29. Rd7 Bb6 30. Rb7 f5 31. Bd5 Rd6 32. Rb8+ 1-0

[Event "4. ODEM U25 2007"]
[Site "Willingen GER"]
[Date "2007.05.27"]
[Round "1"]
[White "Jorczik, Andreas"]
[Black "Englert, Fabian"]
[Result "0-1"]
[Termination "normal"]
[Board "2"]
[WhiteElo "1842"]
[BlackElo "2084"]
[PlyCount "70"]
[WhiteFideId "24634921"]
[BlackFideId "24614467"]
[EventCountry "GER"]
[EventRounds "9"]
[EventType "swiss"]
[EventDate "2007.05.26"]

1. d4 d5 2. c4 e6 3. Nc3 c6 4. Nf3 dxc4 5. e4 b5 6. b3 b4 7. Na4 c3 8. a3 a5 9.
Be3 Nd7 10. Bc4 Bb7 11. O-O Ngf6 12. Qd3 Be7 13. Ne1 c5 14. f3 cxd4 15. Qxd4
O-O 16. Nc2 Qc7 17. axb4 axb4 18. Bb5 Rfd8 19. Nxb4 Nf8 20. Qb6 Qxb6 21. Bxb6
Bxb4 22. Bxd8 Rxd8 23. Rac1 Rc8 24. Bc4 N8d7 25. Nxc3 Ne5 26. Na4 g5 27. h3 h5
28. Nb2 Ba3 29. Rc2 Ba6 30. Ra1 Bxb2 31. Rxa6 Bd4+ 32. Kf1 g4 33. hxg4 hxg4 34.
Rxe6 Nxc4 35. Rxf6 Ne3+ 0-1

[Event "4. ODEM U25 2007"]
[Site "Willingen GER"]
[Date "2007.05.27"]
[Round "1"]
[White "Wagner, Florian"]
[Black "Wenninger, Philipp"]
[Result "1-0"]
[Termination "normal"]
[Board "3"]
[WhiteElo "2140"]
[BlackElo "1617"]
[PlyCount "51"]
[WhiteFideId "4698118"]
[BlackFideId "4648404"]
[EventCountry "GER"]
[EventRounds "9"]
[EventType "swiss"]
[EventDate "2007.05.26"]

1. Nf3 d5 2. g3 Nf6 3. Bg2 c6 4. O-O Bf5 5. d3 e6 6. Nbd2 Nbd7 7. Re1 Bc5 8. e4
dxe4 9. dxe4 Bg6 10. h3 Nh5 11. Nf1 Qb6 12. Qe2 Bxe4 13. Qxe4 Bxf2+ 14. Kh2
Bxe1 15. Qxe1 O-O-O 16. a4 Ndf6 17. g4 Qc7+ 18. Qe5 Nxg4+ 19. hxg4 Nf6 20.
Qxc7+ Kxc7 21. Bf4+ Kc8 22. Bh3 h5 23. g5 Nd5 24. Be5 Rhg8 25. g6 Rdf8 26. gxf7
1-0

[Event "4. ODEM U25 2007"]
[Site "Willingen GER"]
[Date "2007.05.27"]
[Round "1"]
[White "Weißbeck, Simon"]
[Black "Schlötzer, Waldemar"]
[Result "0-1"]
[Termination "normal"]
[Board "4"]
[WhiteElo "1805"]
[BlackElo "2152"]
[PlyCount "78"]
[WhiteFideId "24646865"]
[BlackFideId "24602140"]
[EventCountry "GER"]
[EventRounds "9"]
[EventType "swiss"]
[EventDate "2007.05.26"]

1. e4 d5 2. exd5 Qxd5 3. d4 Nc6 4. Nf3 Bg4 5. Be2 O-O-O 6. Be3 Nf6 7. O-O Qf5
8. c4 e6 9. a3 Bc5 10. Nc3 Bxf3 11. Bxf3 Nxd4 12. Bxd4 Rxd4 13. Qa4 c6 14. Ne2
Rd2 15. b4 Bb6 16. c5 Bc7 17. b5 Qxc5 18. bxc6 Nd5 19. cxb7+ Kxb7 20. Rfc1 Qe7
21. Qc6+ Kb8 22. Bxd5 exd5 23. Ng3 Bb6 24. Rab1 Qe6 25. Qc3 Ra2 26. Qxg7 Re8
27. Rb2 Rxa3 28. Rcb1 Ka8 29. Qxh7 d4 30. Re2 Qd7 31. Rxe8+ Qxe8 32. Qe4+ Qxe4
33. Nxe4 d3 34. Rd1 f5 35. Nd2 Ra2 36. Kf1 Kb7 37. h4 Kc6 38. f3 Kd5 39. g4 Be3
0-1

[Event "4. ODEM U25 2007"]
[Site "Willingen GER"]
[Date "2007.05.27"]
[Round "1"]
[White "Billing, Christian"]
[Black "Lehmann, Ruben"]
[Result "1-0"]
[Termination "normal"]
[Board "5"]
[WhiteElo "2118"]
[BlackElo "1794"]
[PlyCount "59"]
[WhiteFideId "4697294"]
[BlackFideId "24671177"]
[EventCountry "GER"]
[EventRounds "9"]
[EventType "swiss"]
[EventDate "2007.05.26"]

1. e4 c6 2. d4 d5 3. exd5 cxd5 4. Nf3 Nf6 5. Bd3 Nc6 6. c3 Bg4 7. O-O Qc7 8.
Nbd2 e6 9. Re1 Bd6 10. Nf1 O-O 11. Ng3 g6 12. h3 Bf5 13. Bg5 Bxd3 14. Qxd3 Nd7
15. Nh2 Rfc8 16. Ng4 Bf8 17. h4 h5 18. Nh6+ Bxh6 19. Bxh6 Ne7 20. Qf3 b5 21.
Re3 Qb7 22. Rae1 b4 23. Bg5 Nf5 24. Nxf5 exf5 25. Re7 bxc3 26. bxc3 Qc6 27. c4
dxc4 28. Qxc6 Rxc6 29. Rxd7 c3 30. d5 1-0

[Event "4. ODEM U25 2007"]
[Site "Willingen GER"]
[Date "2007.05.27"]
[Round "1"]
[White "Müller, Johannes"]
[Black "Rittemann, Steffen"]
[Result "1/2-1/2"]
[Termination "normal"]
[Board "6"]
[WhiteElo "1612"]
[BlackElo "2072"]
[PlyCount "89"]
[WhiteFideId "24602191"]
[BlackFideId "24620009"]
[EventCountry "GER"]
[EventRounds "9"]
[EventType "swiss"]
[EventDate "2007.05.26"]

1. e4 c5 2. Nf3 d6 3. Nc3 Nf6 4. Bc4 e6 5. O-O a6 6. a4 Be7 7. d4 cxd4 8. Nxd4
O-O 9. Be3 Qc7 10. Bb3 Nc6 11. Nxc6 Qxc6 12. Qd3 Ng4 13. f4 Nxe3 14. Qxe3 b6
15. Qg3 Bf6 16. Rae1 Bb7 17. f5 Rae8 18. Kh1 Qc5 19. fxe6 fxe6 20. Qg4 Bxc3 21.
Rxf8+ Kxf8 22. bxc3 Qe5 23. Rf1+ Kg8 24. Qf3 Qf6 25. Qxf6 gxf6 26. Rxf6 Bxe4
27. Rxe6 Rxe6 28. Bxe6+ Kg7 29. Bb3 Kf6 30. Kg1 Ke5 31. Kf2 d5 32. g3 d4 33.
cxd4+ Kxd4 34. g4 Kc3 35. g5 b5 36. axb5 axb5 37. h4 Bg6 38. Kg3 b4 39. Kf4
Bxc2 40. Bxc2 Kxc2 41. h5 b3 42. g6 hxg6 43. hxg6 b2 44. g7 b1=Q 45. g8=Q
1/2-1/2

[Event "4. ODEM U25 2007"]
[Site "Willingen GER"]
[Date "2007.05.27"]
[Round "1"]
[White "Durmisi, Valon"]
[Black "Nuber, Korbinian"]
[Result "0-1"]
[Termination "normal"]
[Board "8"]
[WhiteElo "1611"]
[BlackElo "2110"]
[PlyCount "104"]
[BlackFideId "24607231"]
[EventCountry "GER"]
[EventRounds "9"]
[EventType "swiss"]
[EventDate "2007.05.26"]

1. e4 e5 2. Nf3 Nc6 3. Bc4 Bc5 4. c3 Nf6 5. d4 exd4 6. e5 Qe7 7. O-O Nxe5 8.
Re1 Nxc4 9. Rxe7+ Bxe7 10. Qxd4 d5 11. b4 O-O 12. Nbd2 Nd6 13. Nb3 c6 14. Bf4
Nfe4 15. a4 Bf6 16. Be5 Re8 17. Bxf6 Nxf6 18. Nfd2 Bf5 19. Qf4 Rad8 20. f3 Bg6
21. g4 Re7 22. Kf2 h5 23. g5 Nfe8 24. Re1 Rxe1 25. Kxe1 Nc7 26. Nd4 Ne6 27.
Nxe6 fxe6 28. Qe3 e5 29. Qxa7 Kf7 30. Nb3 Bf5 31. Nc5 Kg6 32. h4 d4 33. Qb6 Rc8
34. Nxb7 Nxb7 35. Qxb7 dxc3 36. Kd1 c2+ 37. Kc1 Rd8 38. Qxc6+ Kh7 39. Kb2 Rd1
40. Qxc2 Bxc2 41. Kxc2 Rd8 42. b5 Kg6 43. Kb3 Kf7 44. Kc4 Ke6 45. Kc5 Kd7 46.
b6 Kc8 47. Kc6 Rd1 48. a5 Ra1 49. Kb5 Kb7 50. g6 Ra3 51. Kb4 Rxf3 52. Kb5 Ra3
0-1

[Event "4. ODEM U25 2007"]
[Site "Willingen GER"]
[Date "2007.05.27"]
[Round "1"]
[White "Emde, Daniel"]
[Black "Zentgraf, Robert"]
[Result "1/2-1/2"]
[Termination "normal"]
[Board "10"]
[WhiteElo "1606"]
[BlackElo "2110"]
[PlyCount "95"]
[WhiteFideId "24602221"]
[BlackFideId "4676483"]
[EventCountry "GER"]
[EventRounds "9"]
[EventType "swiss"]
[EventDate "2007.05.26"]

1. d4 Nf6 2. Bg5 g6 3. c4 Bg7 4. Nc3 O-O 5. e4 d6 6. Be2 Nbd7 7. Nf3 c5 8. O-O
cxd4 9. Nxd4 Nc5 10. f3 Ne6 11. Be3 a5 12. Rb1 Bd7 13. Qd2 Nxd4 14. Bxd4 Bc6
15. Rfd1 Nd7 16. b3 Bxd4+ 17. Qxd4 Qb6 18. Qxb6 Nxb6 19. Nd5 Nxd5 20. cxd5 Bd7
21. f4 f6 22. Rbc1 Rfc8 23. Kf2 b6 24. a3 Rc5 25. Ke3 Rac8 26. Kd2 f5 27. b4
axb4 28. axb4 Rxc1 29. Rxc1 Rxc1 30. Kxc1 fxe4 31. Kd2 h5 32. g3 Kg7 33. Ke3
Bf5 34. Bd1 e6 35. Bb3 e5 36. fxe5 dxe5 37. d6 Kf8 38. Bd5 Ke8 39. Bc6+ Kd8 40.
Ke2 Bd7 41. Bxe4 Bg4+ 42. Ke3 Kd7 43. Bxg6 Kxd6 44. h3 Bxh3 45. Bxh5 Kc6 46.
Be2 Kd5 47. g4 Bxg4 48. Bxg4 1/2-1/2

[Event "4. ODEM U25 2007"]
[Site "Willingen GER"]
[Date "2007.05.27"]
[Round "1"]
[White "Schneider, Christian"]
[Black "Tiemann, Tobias"]
[Result "1-0"]
[Termination "normal"]
[Board "11"]
[WhiteElo "2081"]
[BlackElo "1585"]
[PlyCount "47"]
[WhiteFideId "24613886"]
[BlackFideId "4642350"]
[EventCountry "GER"]
[EventRounds "9"]
[EventType "swiss"]
[EventDate "2007.05.26"]

1. Nc3 c5 2. e4 Nc6 3. f4 e6 4. Nf3 d5 5. d3 Be7 6. g3 h5 7. h3 Bf6 8. Qe2 d4
9. Nd1 e5 10. Bg2 Nge7 11. O-O Qb6 12. b3 Bd7 13. Nb2 Qc7 14. Nc4 h4 15. g4 Ng6
16. g5 Be7 17. f5 Nf8 18. Nfxe5 Nxe5 19. Nxe5 Bxg5 20. Nxf7 Bxc1 21. Nxh8 Be3+
22. Kh1 O-O-O 23. Qg4 Nh7 24. Ng6 1-0

[Event "4. ODEM U25 2007"]
[Site "Willingen GER"]
[Date "2007.05.27"]
[Round "1"]
[White "Neumair, Cedric"]
[Black "Demburg, Dimitrij"]
[Result "0-1"]
[Termination "normal"]
[Board "12"]
[WhiteElo "1581"]
[BlackElo "2078"]
[PlyCount "88"]
[WhiteFideId "4698304"]
[BlackFideId "24632961"]
[EventCountry "GER"]
[EventRounds "9"]
[EventType "swiss"]
[EventDate "2007.05.26"]

1. d4 f5 2. g3 Nf6 3. Bg2 g6 4. c4 Bg7 5. Nh3 d6 6. Nc3 a5 7. O-O O-O 8. Re1
Nc6 9. Bg5 h6 10. Bxf6 Bxf6 11. e3 Bg7 12. Nf4 Kh7 13. Nb5 Nb8 14. Qc2 c6 15.
Nc3 e5 16. dxe5 dxe5 17. Nfe2 Qe7 18. Rad1 Be6 19. b3 Na6 20. f4 Nb4 21. Qc1 e4
22. Nd4 Nd3 23. Rxd3 exd3 24. Qd2 Rad8 25. Nxe6 Qxe6 26. e4 fxe4 27. Rxe4 Qd6
28. Nd1 Rfe8 29. Nf2 Rxe4 30. Bxe4 Bd4 31. Kg2 Bxf2 32. Kxf2 Qd4+ 33. Kf3 Kg7
34. g4 a4 35. h4 a3 36. f5 Qb2 37. Ke3 Rd4 38. Bxd3 Qxd2+ 39. Kxd2 gxf5 40.
gxf5 Rxh4 41. Kc3 Rh2 42. b4 Rxa2 43. Kb3 Rf2 44. Bb1 Rb2+ 0-1

[Event "4. ODEM U25 2007"]
[Site "Willingen GER"]
[Date "2007.05.27"]
[Round "1"]
[White "Nuber, Blasius"]
[Black "Wünsche, Sebastian"]
[Result "1-0"]
[Termination "normal"]
[Board "13"]
[WhiteElo "2026"]
[BlackElo "1579"]
[PlyCount "83"]
[WhiteFideId "24620289"]
[EventCountry "GER"]
[EventRounds "9"]
[EventType "swiss"]
[EventDate "2007.05.26"]

1. e4 c5 2. c3 d5 3. exd5 Qxd5 4. d4 e6 5. Nf3 Nf6 6. Be2 Be7 7. O-O Nc6 8. Na3
O-O 9. Nc2 Qd8 10. dxc5 Bxc5 11. b4 Bb6 12. c4 Qe7 13. c5 Rd8 14. Qe1 Bc7 15.
Bb2 Nd5 16. Bc4 a5 17. Bxd5 Rxd5 18. Ne3 Rd8 19. b5 Nb4 20. Qc3 f6 21. Qc4 Kh8
22. b6 Bb8 23. Rad1 Bd7 24. Rfe1 e5 25. Nd5 Qe6 26. Ne3 Re8 27. a3 Nc6 28. Qd5
Qxd5 29. Nxd5 Be6 30. a4 Bxd5 31. Rxd5 e4 32. Nd2 Nb4 33. Rd4 Bf4 34. Rdxe4
Rxe4 35. Nxe4 Re8 36. Rd1 h6 37. Nd6 Re2 38. Bc3 Rc2 39. Nb5 Nd3 40. g3 Rc1 41.
Rxc1 Nxc1 42. c6 1-0

[Event "4. ODEM U25 2007"]
[Site "Willingen GER"]
[Date "2007.05.27"]
[Round "1"]
[White "Gläßer, Tim"]
[Black "Wurm, Alexander"]
[Result "0-1"]
[Termination "normal"]
[Board "14"]
[WhiteElo "1569"]
[BlackElo "1983"]
[PlyCount "50"]
[WhiteFideId "24667595"]
[BlackFideId "24637246"]
[EventCountry "GER"]
[EventRounds "9"]
[EventType "swiss"]
[EventDate "2007.05.26"]

1. e4 e6 2. d4 d5 3. e5 c5 4. c3 Nc6 5. Nf3 Bd7 6. Bd3 Qb6 7. Bc2 cxd4 8. cxd4
Rc8 9. O-O Nge7 10. Nc3 Nb4 11. Bb3 a5 12. Be3 Nf5 13. Rc1 Be7 14. Qd2 Nxe3 15.
fxe3 O-O 16. Ne1 f5 17. Rf3 Qa6 18. Rh3 a4 19. Bd1 a3 20. b3 Bb5 21. Qf2 Nd3
22. Nxd3 Bxd3 23. Qf4 Qa5 24. Rg3 Rxc3 25. Qh6 Rf7 0-1

[Event "4. ODEM U25 2007"]
[Site "Willingen GER"]
[Date "2007.05.27"]
[Round "1"]
[White "Geshnizjani, Ramin Tobias"]
[Black "Häcker, Katrin"]
[Result "1-0"]
[Termination "normal"]
[Board "15"]
[WhiteElo "2051"]
[BlackElo "1551"]
[PlyCount "21"]
[WhiteFideId "24633089"]
[BlackFideId "24667986"]
[EventCountry "GER"]
[EventRounds "9"]
[EventType "swiss"]
[EventDate "2007.05.26"]

1. e4 e5 2. Nf3 Nc6 3. Bb5 a6 4. Ba4 Nf6 5. O-O b5 6. Bb3 Bc5 7. Nxe5 Nxe5 8.
d4 Bb6 9. dxe5 Ng8 10. Qd5 Qe7 11. Qxa8 1-0

[Event "4. ODEM U25 2007"]
[Site "Willingen GER"]
[Date "2007.05.27"]
[Round "1"]
[White "Bonacic, Jascha"]
[Black "Patzer, Stefan"]
[Result "1/2-1/2"]
[Termination "normal"]
[Board "16"]
[WhiteElo "1696"]
[BlackElo "2051"]
[PlyCount "141"]
[WhiteFideId "24647004"]
[BlackFideId "24601209"]
[EventCountry "GER"]
[EventRounds "9"]
[EventType "swiss"]
[EventDate "2007.05.26"]

1. e4 e5 2. Nf3 f5 3. d4 fxe4 4. Nxe5 Nf6 5. Bg5 d6 6. Bxf6 Qxf6 7. Nc4 c6 8.
Ne3 Be7 9. Be2 O-O 10. O-O Qg5 11. Bg4 Na6 12. Nd2 d5 13. c4 Bb4 14. Bxc8 Raxc8
15. Rc1 Nc7 16. cxd5 cxd5 17. Nxe4 Qe7 18. Nc3 Rcd8 19. Qb3 Bxc3 20. Rxc3 Qd6
21. Qxb7 Rd7 22. Qc6 Qe7 23. Rfc1 Qf7 24. R1c2 Ne6 25. Qa4 h5 26. Rc8 Rxc8 27.
Rxc8+ Kh7 28. h3 Nf4 29. Rf8 Ne2+ 30. Kf1 Ng3+ 31. Kg1 Ne2+ 32. Kh1 Qxf8 33.
Qxd7 Qxf2 34. Qf5+ Qxf5 35. Nxf5 g5 36. Ne3 Nxd4 37. Nxd5 Kg6 38. Kg1 Ne2+ 39.
Kf2 Nc1 40. Nc3 Nd3+ 41. Ke2 Nxb2 42. Nb5 Na4 43. Kd2 a5 44. Nd4 Nc5 45. Nb3
Nxb3+ 46. axb3 Kf5 47. Ke3 Ke5 48. g3 Kd5 49. Kd3 Kc5 50. Kc3 Kb5 51. Kc2 Kc6
52. Kd3 h4 53. gxh4 gxh4 54. Kc4 Kb6 55. Kd3 Kb5 56. Kc2 Kc6 57. Kc3 Kc5 58.
Kc2 Kd6 59. Kd2 Ke6 60. Ke2 Kf6 61. Kf2 Ke6 62. Ke2 Kf5 63. Kf3 Ke5 64. Ke3 Kd5
65. Kd3 Kc5 66. Kc3 Kb5 67. Kc2 Kb4 68. Kb2 Kb5 69. Kc2 Kc5 70. Kc3 Kb5 71. Kc2
1/2-1/2

[Event "4. ODEM U25 2007"]
[Site "Willingen GER"]
[Date "2007.05.27"]
[Round "1"]
[White "Seyrich, Maximilian"]
[Black "Lengler, Ole"]
[Result "1-0"]
[Termination "normal"]
[Board "17"]
[WhiteElo "1895"]
[BlackElo "1541"]
[PlyCount "73"]
[WhiteFideId "24622427"]
[EventCountry "GER"]
[EventRounds "9"]
[EventType "swiss"]
[EventDate "2007.05.26"]

1. d4 d5 2. c4 e6 3. Nc3 Nf6 4. Nf3 c6 5. Bg5 Nbd7 6. e3 Qa5 7. Nd2 Bb4 8. Qc2
c5 9. cxd5 cxd4 10. exd4 Nxd5 11. Nxd5 Qxd5 12. Be3 Nb6 13. a3 Bd6 14. Ne4 Be7
15. Nc3 Qd8 16. Bd3 g6 17. Be4 O-O 18. O-O Nc4 19. Bh6 Re8 20. Nb5 a6 21. Qxc4
axb5 22. Qxb5 Ra5 23. Qd3 f5 24. Bf3 e5 25. Qb3+ Kh8 26. Qf7 Bf6 27. dxe5 Raxe5
28. Qb3 Qe7 29. Bd2 b5 30. Bb4 Qg7 31. Bc3 Rc5 32. Bxf6 Qxf6 33. Rac1 Rxc1 34.
Rxc1 Qe5 35. h3 Be6 36. Qc3 Bc4 37. Re1 1-0

[Event "4. ODEM U25 2007"]
[Site "Willingen GER"]
[Date "2007.05.27"]
[Round "1"]
[White "Hauffen, Kai"]
[Black "Dietzen, Corinna"]
[Result "0-1"]
[Termination "normal"]
[Board "18"]
[WhiteElo "1527"]
[BlackElo "1997"]
[PlyCount "82"]
[BlackFideId "24621021"]
[EventCountry "GER"]
[EventRounds "9"]
[EventType "swiss"]
[EventDate "2007.05.26"]

1. e4 e5 2. Bc4 Nf6 3. d4 c6 4. dxe5 Nxe4 5. Bxf7+ Kxf7 6. Qf3+ Nf6 7. exf6
Qxf6 8. Qb3+ d5 9. Nf3 h6 10. O-O Bd6 11. Be3 Rf8 12. Bd4 Qf4 13. Re1 Nd7 14.
Qc3 g5 15. g3 Qf5 16. Nbd2 h5 17. Qe3 c5 18. Be5 Nxe5 19. Nxe5+ Kf6 20. Nd3 b6
21. f4 gxf4 22. Nxf4 h4 23. Rf1 Kg7 24. Rae1 hxg3 25. Qxg3+ Qg4 26. Qxg4+ Bxg4
27. Nxd5 Rxf1+ 28. Rxf1 Be5 29. c3 Rd8 30. c4 Bxb2 31. Rf4 Be6 32. Nc7 Bh3 33.
Nf3 Kg6 34. Ne6 Bxe6 35. h4 Bd4+ 36. Kg2 Bxc4 37. Rg4+ Kh6 38. Rg5 Bxa2 39. h5
Rg8 40. Rxg8 Bxg8 41. Kg3 Kxh5 0-1

[Event "4. ODEM U25 2007"]
[Site "Willingen GER"]
[Date "2007.05.27"]
[Round "1"]
[White "Högy, Kevin"]
[Black "Hohlstein, Felix"]
[Result "1-0"]
[Termination "normal"]
[Board "19"]
[WhiteElo "2010"]
[BlackElo "1509"]
[PlyCount "95"]
[WhiteFideId "24647098"]
[EventCountry "GER"]
[EventRounds "9"]
[EventType "swiss"]
[EventDate "2007.05.26"]

1. e4 d5 2. Nc3 dxe4 3. Nxe4 Qd5 4. Nc3 Qa5 5. g3 Nf6 6. Bg2 c6 7. d4 Bf5 8.
Be3 e6 9. Nge2 Nbd7 10. O-O Bd6 11. a3 Qc7 12. b4 O-O 13. Na4 e5 14. c4 exd4
15. Nxd4 Be4 16. f3 Bg6 17. c5 Be5 18. f4 Bxd4 19. Qxd4 Rad8 20. f5 Bh5 21. Bf4
Qc8 22. Qb2 Rfe8 23. Rae1 Nd5 24. Bxd5 cxd5 25. h3 f6 26. Nc3 Ne5 27. Bxe5 fxe5
28. g4 Bf7 29. Nb5 Qb8 30. Rf2 e4 31. Kg2 Re7 32. Nd6 Rxd6 33. cxd6 Qxd6 34.
Qd4 a6 35. Rd2 Qc6 36. Re3 Rc7 37. Qe5 Rc8 38. Ree2 Qc3 39. Qxc3 Rxc3 40. Rc2
d4 41. Rxc3 dxc3 42. Rc2 Bd5 43. Rxc3 Kf7 44. Kg3 Kf6 45. Kf4 g6 46. g5+ Kf7
47. Ke5 Bc6 48. f6 1-0

[Event "4. ODEM U25 2007"]
[Site "Willingen GER"]
[Date "2007.05.27"]
[Round "1"]
[White "Menzel, Michael"]
[Black "Schulz, Ann-Kristin"]
[Result "1-0"]
[Termination "normal"]
[Board "21"]
[WhiteElo "1930"]
[BlackElo "1498"]
[PlyCount "51"]
[WhiteFideId "4694732"]
[EventCountry "GER"]
[EventRounds "9"]
[EventType "swiss"]
[EventDate "2007.05.26"]

1. e4 e5 2. Nf3 Nf6 3. Bc4 d5 4. exd5 Nxd5 5. Nxe5 Qe7 6. O-O Be6 7. Re1 Qd6 8.
d4 Nd7 9. Bxd5 Qxd5 10. c4 Qd6 11. Bf4 Be7 12. d5 Bf5 13. Nc6 Qxf4 14. Nxe7 Kd8
15. Qb3 Rb8 16. Nc3 Nc5 17. Nc6+ Kc8 18. Nxa7+ Kd8 19. Qb4 Qxf2+ 20. Kh1 Bd3
21. Nc6+ Kc8 22. Nxb8 Kxb8 23. Rad1 Bc2 24. Rf1 Qe3 25. Rde1 Qd4 26. Nb5 1-0

[Event "4. ODEM U25 2007"]
[Site "Willingen GER"]
[Date "2007.05.27"]
[Round "1"]
[White "Schäfer, Simon"]
[Black "Jahncke, Giso"]
[Result "0-1"]
[Termination "normal"]
[Board "22"]
[WhiteElo "1478"]
[BlackElo "1992"]
[PlyCount "42"]
[BlackFideId "24608289"]
[EventCountry "GER"]
[EventRounds "9"]
[EventType "swiss"]
[EventDate "2007.05.26"]

1. d4 Nf6 2. c4 c5 3. Nf3 Nc6 4. Nc3 cxd4 5. Nxd4 g6 6. Nf3 Bg7 7. Bf4 O-O 8.
e3 Qa5 9. Bd3 Nh5 10. Qc2 Nxf4 11. exf4 d6 12. O-O Bg4 13. Be2 Rac8 14. Nd2 Bf5
15. Bd3 Nb4 16. Nb3 Qd8 17. Qd2 Bxd3 18. Rfc1 Bxc4 19. Ne4 Qb6 20. Re1 Bxb3 21.
axb3 Nc2 0-1

[Event "4. ODEM U25 2007"]
[Site "Willingen GER"]
[Date "2007.05.27"]
[Round "1"]
[White "Graudons, Karsten"]
[Black "Knies, Jonas"]
[Result "1-0"]
[Termination "normal"]
[Board "23"]
[WhiteElo "2041"]
[BlackElo "1474"]
[PlyCount "58"]
[WhiteFideId "4690230"]
[BlackFideId "4635167"]
[EventCountry "GER"]
[EventRounds "9"]
[EventType "swiss"]
[EventDate "2007.05.26"]

1. Nf3 d5 2. d4 e6 3. g3 f5 4. Bg2 Nf6 5. c4 c6 6. O-O Be7 7. Nc3 O-O 8. b3 Ne4
9. Bb2 Nd7 10. Ne5 Bf6 11. f3 Nd6 12. Nxd7 Bxd7 13. e4 fxe4 14. fxe4 dxe4 15.
Nxe4 Nxe4 16. Bxe4 Qb6 17. Kg2 Rad8 18. Qh5 h6 19. Qg6 Qa5 20. Qh7+ Kf7 21.
Rxf6+ Kxf6 22. Rf1+ Ke7 23. Qxg7+ Kd6 24. Rxf8 Rxf8 25. Qxf8+ Kc7 26. Qf4+ Kc8
27. Qf8+ Kc7 28. Qf2 Qxa2 29. d5 exd5 1-0

[Event "4. ODEM U25 2007"]
[Site "Willingen GER"]
[Date "2007.05.27"]
[Round "1"]
[White "Mertens, Fridolin"]
[Black "Frey, Claudia"]
[Result "0-1"]
[Termination "normal"]
[Board "24"]
[WhiteElo "1473"]
[BlackElo "1906"]
[PlyCount "62"]
[WhiteFideId "24671940"]
[BlackFideId "24614513"]
[EventCountry "GER"]
[EventRounds "9"]
[EventType "swiss"]
[EventDate "2007.05.26"]

1. e4 c6 2. d4 d5 3. exd5 cxd5 4. Nf3 g6 5. Bd3 Bg7 6. O-O Nc6 7. c3 Nf6 8. Re1
O-O 9. Nbd2 Bf5 10. Bxf5 gxf5 11. Nf1 e6 12. Bf4 Kh8 13. Ng3 h6 14. Ne5 Nxe5
15. Bxe5 Kh7 16. Qd3 Rg8 17. h3 Ne4 18. Bxg7 Rxg7 19. Nxe4 fxe4 20. Qf1 Qh4 21.
Kh2 Rag8 22. g3 Qg5 23. Re3 f5 24. h4 Qf6 25. Qh3 f4 26. gxf4 Qxf4+ 27. Kh1 Rg4
28. Qf1 Rxh4+ 29. Rh3 Rgg4 30. Rxh4 Rxh4+ 31. Kg2 Qh2# 0-1

[Event "4. ODEM U25 2007"]
[Site "Willingen GER"]
[Date "2007.05.27"]
[Round "1"]
[White "Eidner, Falk"]
[Black "Wenke, Andrea"]
[Result "1-0"]
[Termination "normal"]
[Board "25"]
[WhiteElo "1951"]
[BlackElo "1450"]
[PlyCount "51"]
[WhiteFideId "24634557"]
[BlackFideId "24677736"]
[EventCountry "GER"]
[EventRounds "9"]
[EventType "swiss"]
[EventDate "2007.05.26"]

1. e4 e5 2. Nf3 Nc6 3. Bc4 Bc5 4. c3 Nf6 5. d3 d6 6. O-O O-O 7. Bb3 Ne7 8. Nbd2
Ng6 9. Nc4 Be6 10. Ne3 Qd7 11. Re1 c6 12. Bc2 Rad8 13. d4 Bb6 14. Nf5 exd4 15.
N5xd4 Rfe8 16. Bg5 h6 17. Bxf6 gxf6 18. Qd2 Kg7 19. Nf5+ Bxf5 20. exf5 Ne5 21.
Nd4 d5 22. Re3 Rh8 23. Rg3+ Kh7 24. Ne6 Rdg8 25. Qxh6+ Kxh6 26. Rh3# 1-0

[Event "4. ODEM U25 2007"]
[Site "Willingen GER"]
[Date "2007.05.27"]
[Round "1"]
[White "Biebinger, Eva"]
[Black "Kyas, Marcel"]
[Result "0-1"]
[Termination "normal"]
[Board "26"]
[WhiteElo "1446"]
[BlackElo "1932"]
[PlyCount "46"]
[BlackFideId "24642037"]
[EventCountry "GER"]
[EventRounds "9"]
[EventType "swiss"]
[EventDate "2007.05.26"]

1. c4 Nf6 2. Nc3 g6 3. g3 Bg7 4. Bg2 d6 5. d3 O-O 6. e4 e5 7. Nf3 Nc6 8. Be3
Ng4 9. Qd2 Nxe3 10. Qxe3 Nd4 11. Qd2 Nxf3+ 12. Bxf3 Bh3 13. Ne2 c6 14. Ng1 Be6
15. b3 f5 16. exf5 e4 17. fxe6 Bxa1 18. Bxe4 Qf6 19. Qe2 Rae8 20. Nf3 Bc3+ 21.
Nd2 Qxe6 22. f4 d5 23. Bf3 Qf5 0-1

[Event "4. ODEM U25 2007"]
[Site "Willingen GER"]
[Date "2007.05.27"]
[Round "1"]
[White "Stövesand, Peter"]
[Black "Melzner, Lukas"]
[Result "0-1"]
[Termination "normal"]
[Board "28"]
[WhiteElo "1431"]
[BlackElo "2007"]
[PlyCount "106"]
[WhiteFideId "1270624"]
[EventCountry "GER"]
[EventRounds "9"]
[EventType "swiss"]
[EventDate "2007.05.26"]

1. e4 e6 2. d4 d5 3. e5 c5 4. c3 Nc6 5. Nf3 Qb6 6. Bd3 Bd7 7. Bc2 cxd4 8. cxd4
Nb4 9. a3 Nxc2+ 10. Qxc2 Rc8 11. Nc3 Ne7 12. O-O Bb5 13. Rd1 Bc4 14. Qa4+ Nc6
15. Nd2 Qxd4 16. Nxc4 Qxc4 17. Qxc4 dxc4 18. Re1 Be7 19. Re4 O-O 20. Rg4 Nxe5
21. Rg3 Rfd8 22. Bf4 Ng6 23. Be3 Bc5 24. Bxc5 Rxc5 25. Rg4 Ne5 26. Ne4 Nxg4 27.
Nxc5 b6 28. h3 Nf6 29. Na4 Kf8 30. Rc1 Nd5 31. Rxc4 b5 32. Rh4 bxa4 33. Rxh7
Nb6 34. g4 Rd2 35. Rh8+ Ke7 36. Rb8 Rxb2 37. Rb7+ Kf6 38. Rxa7 Rb3 39. Rb7 Nd5
40. Ra7 Rxa3 41. Kg2 Nf4+ 42. Kh2 Nxh3 43. Kg2 Nf4+ 44. Kh2 g5 45. f3 Ra1 46.
Kg3 a3 47. Ra4 Ng6 48. f4 gxf4+ 49. Kf3 a2 50. Ke2 Rh1 51. Kf3 a1=Q 52. Rc4
Ne5+ 53. Kg2 Qf1# 0-1